Torschützenliste der Serie A - Statistiken

Allgemein
  • Dieses Quiz wurde 81 mal gespielt
  • Das Durchschnittsergebnis liegt bei 5 aus 15
Antwortstatistiken
Tore Nationalität Tore für Verein(e) Spieler % Korrekt
250 Italien 250 AS Rom Francesco Totti
90%
188 Italien 188 Juventus Turin Alessandro Del Piero
78%
201 Italien 5 CFC Genua, 27 FC Turin, 169 Lazio Rom Ciro Immobile
59%
205 Italien 39 AC Florenz, 78 Juventus Turin, 12 AC Mailand, 22 FC Bologna, 9 Inter Mailand, 45 Brescia Calcio Roberto Baggio
51%
209 Italien 18 FC Empoli, 191 Udinese Calcio Antonio Di Natale
49%
183 Argentinien 151 AC Florenz, 30 AS Rom, 2 Inter Mailand Gabriel Batistuta
44%
216 Italien 197 Inter, Mailand, 9 AC Mailand, 10 Juventus Turin Giuseppe Meazza
26%
182 Italien 3 Ascoli Calcio, 102 Sampdoria Genua, 25 Udinese Calcio, 11 SSC Neapel, 23 Juventus Turin, 18 FC Turin Fabio Quagliarella
21%
225 Schweden 210 AC Mailand, 15 AS Rom Gunnar Nordahl
18%
188 Italien 3 Piacenza Calcio, 5 Hellas Verona, 50 AC Parma/FC Parma, 36 AC Mailand, 52 AC Florenz, 19 CFC Genua, 13 FC Bologna, 10 US Palermo Alberto Gilardino
12%
188 Italien 11 US Foggia, 107 Lazio Rom, 3 Sampdoria Genua, 67 FC Bologna Giuseppe Signori
8%
190 Schweden 8 Juventus Turin, 20 Calcio Padova, 150 AC Florenz, 9 AC Mailand, 3 SSC Neapel Kurt Hamrin
5%
274 Italien 51 US Pro Vercelli, 143 Lazio Rom, 10 Juventus Turin, 70 Novara Calcio Silvio Piola
5%
216 Brasilien / Italien 120 AC Mailand, 71 SSC Neapel, 25 Juventus Turin José Altafini
4%
178 Italien 178 Juventus Turin Giampiero Boniperti
1%
Keine übereinstimmenden Quizze gefunden
Verteilung der Resultate
Anzahl Personen mit jedem Resultat
Perzentil nach korrekt beantworteten Fragen
Ihre Resultats-Entwicklung
Sie haben dieses Quiz noch nicht gespielt